[Event "FIDE Chesscom Grand Swiss 2019"]
[Site "Douglas-Isle of Man"]
[Date "2019.10.18"]
[Round "8.26"]
[White "Narayanan.S.L"]
[Black "Cheparinov, Ivan"]
[Result "1/2-1/2"]
[WhiteElo "2611"]
[BlackElo "2670"]
[Annotator "TA"]
[PlyCount "79"]
[EventDate "2019.10.10"]
[EventType "swiss"]
[EventCountry "GBR"]
[SourceTitle "playchess.com"]
[Source "ChessBase"]
[SourceQuality "1"]

{[%evp 17,79,15,19,2,16,8,13,6,16,7,3,0,0,0,0,0,0,-16,0,0,8,0,0,0,20,17,11,12,14,12,29,43,50,16,13,15,11,0,0,0,0,0,14,0,25,31,11,21,48,34,41,13,21,21,23,14,35,0,0,0,0,-1,-2,-4]} 1. e4 c5 2. Nf3 d6 3. d4 cxd4 4. Nxd4 Nf6 5. Nc3 a6 6. Be2 e5 7. Nb3 Be7 8. Be3 Be6 9. O-O O-O 10. Re1 {B92: Sicilian Najdorf: 6 Be2} (10. Qd3 Nbd7 11. Nd5 Bxd5 12. exd5 h5 13. Kh1 Ng4 14. Bxg4 hxg4 15. f3 Nf6 16. f4 exf4 17. Rxf4 Qd7 18. Raf1 Rae8 19. c4 Nh7 20. R4f2 {½-½ (35) Fedoseev,V (2664)-Ganguly,S (2658) Khanty-Mansiysk 2019}) 10... Nbd7 11. a4 Qc7 12. a5 Rfc8 13. Bf3 h6 14. Nd2 b5 15. axb6 $1 Nxb6 {[#]} 16. Ra5 $146 ({Predecessor:} 16. Nf1 a5 17. Ng3 Bf8 18. h3 Rcb8 19. Bc1 a4 20. Nh5 Nxh5 21. Bxh5 {½-½ (46) Castellanos Rodriguez,R (2509)-Santos Latasa,J (2452) Linares 2013}) 16... Bd8 17. h3 Nc4 18. Nxc4 Bxc4 19. Ra4 Rab8 20. Qa1 Qb7 21. b3 Bb5 22. Ra2 Bc6 23. Qd1 Qb4 24. Bd2 Qb7 25. Qe2 a5 26. Qd3 Bb6 27. Be3 Bxe3 28. Rxe3 Qb4 29. Qd2 Bb5 30. Qe1 Rc5 31. Nxb5 Qxb5 32. Be2 Qb4 33. Qxb4 Rxb4 34. Bd3 Nd7 35. Bc4 Kf8 36. Rd3 Ke7 37. c3 Rb8 {The position is equal.} 38. Rd5 Rxd5 39. Bxd5 Nb6 40. Rxa5 {Accuracy: White = 59%, Black = 67%.} 1/2-1/2

[Event "FIDE Chesscom Grand Swiss 2019"]
[Site "Douglas-Isle of Man"]
[Date "2019.10.18"]
[Round "8.26"]
[White "Soumya, Swaminathan"]
[Black "Efimenko, Zahar"]
[Result "1-0"]
[WhiteElo "2365"]
[BlackElo "2604"]
[Annotator "TA"]
[PlyCount "79"]
[EventDate "2019.10.10"]
[EventType "swiss"]
[EventCountry "GBR"]
[SourceTitle "playchess.com"]
[Source "ChessBase"]
[SourceQuality "1"]

{[%evp 26,79,22,0,33,27,25,8,38,25,56,57,48,37,25,9,61,43,92,52,139,131,116,100,132,136,135,164,158,99,178,186,155,158,1087,1060,2047,1628,29992,29962,1641,311,1177,1179,1146,1152,1082,954,29984,5812,29985,29986,29986,29987,29994,29995]} 1. d4 Nf6 2. c4 e6 3. Nf3 b6 4. a3 Bb7 5. Nc3 d5 6. cxd5 Nxd5 7. e3 Be7 8. Bb5+ c6 9. Bd3 Nxc3 10. bxc3 Nd7 11. e4 c5 12. Qe2 Qc7 13. O-O O-O 14. Bb2 c4 {E12: Queen's Indian: Unusual White 4th moves, 4 a3, 4 Nc3 Bb7 5 a3 and 4 Nc3 Bb7} (14... Rfd8 15. Nd2 Ne5 16. Bb1 Nc6 17. Nf3 Bf6 18. Rd1 Rd7 19. Ba2 Na5 20. g3 Rad8 21. Rd2 Qc8 22. Rad1 Ba6 {1-0 (56) Wang,H (2735)-Leko,P (2730) Beijing 2013}) 15. Bc2 b5 16. a4 a6 {The position is equal.} 17. Rfb1 Rab8 $146 ({Predecessor:} 17... Nb6 18. Ba3 Bxa3 19. Rxa3 Nxa4 20. Bxa4 bxa4 21. Rxa4 Qc6 22. Rba1 Qxe4 23. Qxe4 Bxe4 {½-½ (59) Thompson,B (2321)-Meissner,R (2373) ICCF email 2006}) 18. Bc1 Ba8 19. axb5 axb5 20. Ra6 Nf6 (20... b4 $11) 21. Bg5 Rfe8 22. h3 g6 (22... Qb7 $14 23. Rba1 Nxe4 24. Bxe7 Nxc3) 23. Qe3 $16 Nh5 24. Bh6 b4 25. cxb4 Rxb4 26. Rxb4 Bxb4 27. Ne5 (27. Ra4 $142 Bd6 28. Qc3) 27... c3 (27... f6 $16 {might work better.} 28. Ng4 c3) 28. g4 $18 Ng7 29. Qf4 $40 {[%mdl 128] White wants a kill.} f5 $2 (29... Bf8 $16 30. Ra4 f5) 30. gxf5 gxf5 31. exf5 {f6 would kill now.} Nxf5 32. Qg5+ Ng7 {[#]} 33. Qf6 $2 (33. Rxe6 $3 {[%mdl 512]} Rxe6 {[#]} 34. Bb3 $1 {[%mdl 512]}) 33... Qe7 $2 {[#]} (33... Bd5 34. Nc6 Bxc6) 34. Bxh7+ $1 {[%mdl 512]} Kxh7 35. Qg6+ Kg8 {[#]} 36. Rxe6 $1 {[%mdl 576] Pin} Qb7 (36... Qxe6 37. Qxg7#) 37. Rxe8+ Bf8 38. d5 {White mates.} c2 39. Ng4 Qb1+ {[#]} 40. Kh2 $1 {Accuracy: White = 78%, Black = 22%.} 1-0

[Event "FIDE Chesscom Grand Swiss 2019"]
[Site "Douglas-Isle of Man"]
[Date "2019.10.18"]
[Round "8.27"]
[White "Leko, Peter"]
[Black "Akopian, Vladimir"]
[Result "1/2-1/2"]
[WhiteElo "2670"]
[BlackElo "2638"]
[Annotator "TA"]
[PlyCount "69"]
[EventDate "2019.10.10"]
[EventType "swiss"]
[EventCountry "GBR"]
[SourceTitle "playchess.com"]
[Source "ChessBase"]
[SourceQuality "1"]

{[%evp 9,69,17,46,23,23,30,19,19,21,19,24,26,22,20,24,22,29,28,33,45,27,34,32,30,23,23,23,12,70,30,59,40,38,29,41,25,31,10,4,2,4,12,5,0,0,0,0,0,-3,-4,0,0,0,0,0,0,0,0,0,0,0,-6]} 1. e4 c6 2. d4 d5 3. e5 Bf5 4. Nd2 e6 5. Nb3 c5 {[%mdl 64] [#] Decoy} 6. dxc5 {B12: Caro-Kann: Advance Variation} Bxc5 7. Nxc5 Qa5+ 8. c3 Qxc5 9. Be3 Qc7 10. f4 Ne7 11. Be2 O-O 12. Nf3 Nbc6 13. O-O {[#]} f6 $146 14. exf6 Rxf6 15. g3 h6 16. Rc1 Be4 17. c4 Rd8 18. cxd5 exd5 (18... Nxd5 $11 19. Qb3 Qf7) 19. Bd4 Rff8 20. b4 {[#] Black must now prevent b5.} Qd7 21. Bc5 b6 ({Don't blunder} 21... Qh3 $2 22. b5 $18) 22. Bxe7 Nxe7 23. Nd4 Nf5 {Hoping for ...Ne3.The position is equal.} 24. Bg4 Qd6 {Threatens to win with ...Ne3.} 25. Bxf5 Bxf5 26. Qd2 Bd7 27. f5 Rde8 28. Rf4 Re4 29. Rcf1 Rxf4 30. Rxf4 Re8 31. a3 Re4 32. Rxe4 dxe4 33. Qe3 Qd5 34. g4 g6 35. Ne2 {Accuracy: White = 69%, Black = 84%.} 1/2-1/2

[Event "FIDE Chesscom Grand Swiss 2019"]
[Site "Douglas-Isle of Man"]
[Date "2019.10.18"]
[Round "8.27"]
[White "Munguntuul, Batkhuyag"]
[Black "Christiansen, Johan-Sebastian"]
[Result "1/2-1/2"]
[WhiteElo "2421"]
[BlackElo "2558"]
[Annotator "ChessBase"]
[PlyCount "93"]
[EventDate "2019.10.10"]
[EventType "swiss"]
[EventCountry "GBR"]
[SourceTitle "playchess.com"]
[Source "ChessBase"]
[SourceQuality "1"]
[TimeControl "40/6000+30:20/3000+30:900+30"]

1. e4 {[%emt 0:00:00]} e6 {[%emt 0:04:39]} 2. d4 {[%emt 0:00:00]} d5 {[%emt 0:00:11]} 3. Nc3 {[%emt 0:00:00]} Nf6 {[%emt 0:00:44]} 4. e5 {[%emt 0:00:03]} Nfd7 {[%emt 0:00:04]} 5. f4 {[%emt 0:00:11]} c5 {[%emt 0:00:02]} 6. Nf3 {[%emt 0:00:06]} Nc6 {[%emt 0:00:07]} 7. Be3 {[%emt 0:00:06]} Be7 {[%emt 0:01:07]} 8. a3 {[%emt 0:02:33]} Qb6 {[%emt 0:04:41]} 9. Be2 {[%emt 0:11:36]} O-O {[%emt 0:12:46]} 10. O-O {[%emt 0:08:53]} cxd4 {[%emt 0:07:09]} 11. Nxd4 {[%emt 0:24:10]} Bc5 {[%emt 0:04:53]} 12. Ncb5 {[%emt 0:02:08]} Nxd4 {[%emt 0:11:59]} 13. Bxd4 {[%emt 0:15:59]} a6 {[%emt 0:08:17]} 14. b4 {[%emt 0:00:38]} Bxd4+ {[%emt 0:16:55]} 15. Nxd4 {[%emt 0:00:12]} f6 {[%emt 0:02:11]} 16. Bg4 {[%emt 0:19:50]} Nxe5 {[%emt 0:27:59]} 17. fxe5 {[%emt 0:01:19]} fxe5 {[%emt 0:00:01]} 18. Rxf8+ {[%emt 0:01:22]} Kxf8 {[%emt 0:00:01]} 19. Qf3+ {[%emt 0:10:44]} Ke7 {[%emt 0:00:02]} 20. Rf1 {[%emt 0:00:40]} Qxd4+ {[%emt 0:00:17]} 21. Kh1 {[%emt 0:00:02]} Bd7 {[%emt 0:03:56]} 22. Qf7+ {[%emt 0:00:03]} Kd6 {[%emt 0:00:05]} 23. Qxg7 {[%emt 0:00:28]} Rc8 {[%emt 0:00:46]} 24. Bd1 {[%emt 0:01:07]} Qe4 {[%emt 0:01:07]} 25. Qg3 {[%emt 0:08:22]} Qg6 {[%emt 0:00:20]} 26. Qf2 {[%emt 0:00:44]} d4 {[%emt 0:00:15]} 27. Re1 {[%emt 0:00:41]} Qf5 {[%emt 0:00:43]} 28. Qh4 {[%emt 0:01:09]} Bc6 {[%emt 0:00:49]} 29. Qg3 {[%emt 0:00:38]} Rf8 {[%emt 0:01:15]} 30. h3 {[%emt 0:00:03]} Rf6 {[%emt 0:00:44]} 31. c4 {[%emt 0:00:33]} Rg6 {[%emt 0:00:41]} 32. Bg4 {[%emt 0:00:14]} Qf4 {[%emt 0:00:17]} 33. Qh4 {[%emt 0:00:22]} Qf6 {[%emt 0:00:52]} 34. Qxh7 {[%emt 0:00:32]} Rg7 {[%emt 0:00:16]} 35. Qh8 {[%emt 0:00:12]} Kc7 {[%emt 0:00:28]} 36. Qh5 {[%emt 0:01:27]} Rg5 {[%emt 0:00:09]} 37. Qh7+ {[%emt 0:00:08]} Rg7 {[%emt 0:00:06]} 38. Qh5 {[%emt 0:00:01]} Rg5 {[%emt 0:00:50]} 39. Qh7+ {[%emt 0:00:02]} Kb8 {[%emt 0:00:16]} 40. b5 {[%emt 0:02:01]} axb5 {[%emt 0:00:34]} 41. cxb5 {[%emt 0:50:07]} Bxb5 {[%emt 0:12:02]} 42. Bf3 {[%emt 0:00:00]} Ba6 {[%emt 0:11:31]} 43. Qd7 {[%emt 0:00:00]} Rf5 {[%emt 0:06:04]} 44. Qd6+ {[%emt 0:00:00]} Ka7 {[%emt 0:00:24]} 45. Qc5+ {[%emt 0:00:00]} Kb8 {[%emt 0:00:52]} 46. Qd6+ {[%emt 0:00:00]} Ka7 {[%emt 0:00:06]} 47. Qc5+ {[%emt 0:00:00]} 1/2-1/2

[Event "FIDE Chesscom Grand Swiss 2019"]
[Site "Douglas-Isle of Man"]
[Date "2019.10.18"]
[Round "8.28"]
[White "Saric, Ivan"]
[Black "Rakhmanov, Aleksandr"]
[Result "0-1"]
[WhiteElo "2667"]
[BlackElo "2621"]
[Annotator "TA"]
[PlyCount "92"]
[EventDate "2019.10.10"]
[EventType "swiss"]
[EventCountry "GBR"]
[SourceTitle "playchess.com"]
[Source "ChessBase"]
[SourceQuality "1"]

{[%evp 13,92,35,35,32,41,27,20,23,49,37,31,31,62,44,72,64,71,74,79,76,90,82,67,77,99,107,91,82,112,93,116,115,121,115,125,127,119,119,119,121,129,129,158,119,106,100,148,122,139,137,126,120,123,61,75,8,10,8,14,44,45,0,0,-78,-107,-268,-254,-329,-240,-217,-220,-620,-641,-1031,-990,-764,-569,-755,-693,-627,-616]} 1. e4 e5 2. Nf3 Nf6 3. Nxe5 d6 4. Nf3 Nxe4 5. Nc3 Nf6 6. d4 Be7 7. Bd3 O-O 8. O-O {C42: Petroff Defence: 3 Nxe5 and unusual White 3rd moves} Nc6 9. h3 Nb4 10. Be2 {The position is equal.} c6 $146 ({Predecessor:} 10... Bf5 11. a3 Nbd5 12. Nxd5 Nxd5 13. c4 Nf6 14. Qb3 a5 15. a4 Re8 {½-½ (93) Grischuk,A (2764)-Giri,A (2720) Beijing 2012}) 11. a3 Nbd5 12. Nxd5 cxd5 13. Ne1 Bf5 14. Nd3 Ne8 15. Nf4 Nc7 16. Bf3 Be4 17. Re1 f5 18. Bh5 g6 {[#]} 19. Bxg6 $1 {[%mdl 512]} hxg6 20. Nxg6 Rf6 {[#]} 21. Nf4 $1 Ne6 22. f3 Nxf4 23. Bxf4 Qe8 24. fxe4 dxe4 25. Re3 Rg6 26. Qe2 Qf7 27. Rf1 Qg7 28. c3 Rf8 29. Kh1 Bg5 30. Rg3 {Hoping for Qh5.} Bxf4 {[#]} 31. Rxg6 $1 Qxg6 32. Rxf4 $16 {[%mdl 4096] Endgame KQR-KQR} Qg3 33. Rf1 ({Better is} 33. Qf1 $16) 33... Kg7 $14 34. c4 ({White should try} 34. Qb5 $16) 34... Kg6 $11 35. Kg1 Rh8 {And now ...Rxh3 would win.} 36. Qf2 Qxf2+ 37. Rxf2 $14 {KR-KR} Kg5 38. Re2 (38. Rf1 $11 {remains equal.}) 38... Kf4 $17 39. Rf2+ $2 (39. Kf2 $17) 39... Ke3 $19 40. Rxf5 Kd2 41. Rf2+ Kd3 42. Rf4 $2 (42. Kf1 e3 43. Re2) 42... e3 {Black is clearly winning.} 43. d5 {[#]} b5 $1 {[%mdl 512]} 44. cxb5 Rc8 {aiming for ...Rc1+.} 45. Rf1 e2 46. Ra1 Kd2 {Accuracy: White = 49%, Black = 72%.} 0-1

[Event "FIDE Chesscom Grand Swiss 2019"]
[Site "Douglas-Isle of Man"]
[Date "2019.10.18"]
[Round "8.28"]
[White "Gavrilescu, David"]
[Black "Dubov, Daniil"]
[Result "1/2-1/2"]
[WhiteElo "2451"]
[BlackElo "2699"]
[Annotator "TA"]
[PlyCount "72"]
[EventDate "2019.10.10"]
[EventType "swiss"]
[EventCountry "GBR"]
[SourceTitle "playchess.com"]
[Source "ChessBase"]
[SourceQuality "1"]

{[%evp 13,72,43,31,20,24,16,28,25,22,22,22,0,12,17,12,0,0,0,18,27,28,0,0,0,0,0,0,0,0,0,39,6,45,25,66,67,54,63,76,84,74,58,207,235,199,138,145,141,121,25,40,0,69,54,201,83,506,463,435,117,154]} 1. e4 c5 2. Nf3 Nc6 3. Bb5 g6 4. O-O Bg7 5. c3 a6 6. Bxc6 dxc6 7. d3 Nf6 8. Re1 {B31: Sicilian: 2...Nc6 3 Bb5 g6} O-O 9. h3 b6 {[%cal Bb7b6,Bb6b5][%mdl 32]} 10. Bf4 {White has an edge.} (10. d4 cxd4 11. cxd4 c5 12. d5 Bb7 13. Nc3 b5 {½-½ (13) Peng,X (2624)-Pigusov,E (2610) Shanghai 2000}) 10... Re8 $146 ({Predecessor:} 10... Ne8 11. Be5 a5 12. d4 cxd4 13. cxd4 Nc7 14. Bxg7 Kxg7 15. Nc3 Bb7 16. Qb3 b5 {1-0 (42) Moreno Carnero,J (2514)-Galvan,J (2187) Madrid 2001}) 11. Na3 Nd7 12. Nc4 e5 13. Bg3 b5 $1 {[%cal Rb5c4]} 14. Ne3 Nb6 15. Qc2 a5 16. Rad1 Qe7 17. Bh4 Qe6 18. Ng5 Qd6 19. Nf3 Qe6 20. Ng5 Qd7 21. Nf3 h5 22. d4 $36 {[%mdl 2048] Black is under pressure.} exd4 23. cxd4 c4 24. Ne5 Qc7 25. Bg3 {[%cal Re5c4] Strongly threatening N5xc4.} Qb7 26. f4 Nd7 27. f5 c5 (27... Nxe5 $14 28. Bxe5 f6) 28. Nxf7 $1 $18 {Threatens to win with Nd6.} (28. fxg6 $6 fxg6 29. Nxd7 (29. Nxg6 cxd4 30. Nf5 d3 $11) 29... cxd4 $16) 28... Qxe4 (28... Kxf7 $6 29. Nxc4 $1 {[%mdl 512]} Ra6 30. fxg6+ Rxg6 31. Nd6+ Rxd6 32. Bxd6) 29. Qc1 (29. fxg6 $6 Qxc2 30. Nxc2 Rxe1+ 31. Bxe1 Ba6 $16) (29. Qf2 $18 Kxf7 30. fxg6+ (30. Nxc4 Bxd4 31. Nd6+ {[%mdl 64] Pin} Kg8 $16) 30... Kxg6 31. Nc2) 29... Bxd4 $16 ({Don't blunder} 29... Kxf7 $2 30. Nxc4 Bxd4+ 31. Kh2 $18) 30. Rxd4 Qxd4 (30... cxd4 $2 {perishes.} 31. Nxc4 Qxe1+ 32. Bxe1 $18) 31. fxg6 (31. Nd6 $1 $16 {[%cal Rd6e8]} Bb7 32. Nxb5 (32. Nxb7 $2 Ne5 $19)) 31... Nf8 $1 $11 32. Bf2 Qg7 (32... Qd3 $1 $11 33. Nh6+ Kg7 {[%mdl 64] Double Attack}) 33. Nd5 $14 Be6 {[#]} (33... Rxe1+ $14 34. Bxe1 Qd4+ {[%mdl 64] Double Attack} 35. Bf2 Qxd5) 34. Nc7 (34. Re5 $1 $18 Bxd5 35. Rxd5) 34... Nxg6 $2 {[%mdl 8192] [#]} (34... Qxg6 $16 {is tougher.} 35. Ng5 Rac8 36. Nxe8 Rxe8) 35. Nh6+ $1 $18 Kh7 36. Nf5 $2 (36. Nxe6 $18 {and the rest is easy.} Qxh6 37. Be3) 36... Bxf5 {Accuracy: White = 60%, Black = 47%.} 1/2-1/2

[Event "FIDE Chesscom Grand Swiss 2019"]
[Site "Douglas-Isle of Man"]
[Date "2019.10.18"]
[Round "8.29"]
[White "Eljanov, Pavel"]
[Black "Abasov, Nijat"]
[Result "1/2-1/2"]
[WhiteElo "2663"]
[BlackElo "2632"]
[Annotator "TA"]
[PlyCount "69"]
[EventDate "2019.10.10"]
[EventType "swiss"]
[EventCountry "GBR"]
[SourceTitle "playchess.com"]
[Source "ChessBase"]
[SourceQuality "1"]

{[%evp 10,69,17,6,5,16,6,11,27,24,26,27,23,26,44,35,47,31,42,52,89,22,27,33,26,41,43,39,50,39,34,43,30,19,35,32,29,0,6,0,18,0,0,-14,0,0,0,-10,0,0,0,0,0,0,0,0,0,0,0,0,0,0]} 1. e4 c5 2. Nf3 e6 3. c4 Nc6 4. d4 cxd4 5. Nxd4 Nf6 6. Nc3 Bc5 {B44: Sicilian: Taimanov: 5 Nb5} (6... Bb4 7. Nxc6 bxc6 8. Bd3 e5 9. O-O O-O 10. h3 h6 11. Na4 d5 12. a3 Bd6 13. cxd5 cxd5 14. exd5 e4 15. Bc2 Qe7 16. Re1 Bf5 17. Nc3 Rab8 {½-½ (39) Artemiev,V (2746)-Le,Q (2708) Khanty-Mansiysk 2019}) 7. Nb3 Bb4 8. Bd3 d5 9. exd5 exd5 10. cxd5 Nxd5 11. O-O Nxc3 12. bxc3 Be7 $146 ({Predecessor:} 12... Bxc3 13. Rb1 Bd4 14. Ba3 Qc7 15. Re1+ Be6 16. Nc5 b6 17. Nxe6 fxe6 18. Bb5 Qd8 19. Qa4 {1-0 (19) Paldus,P (2015)-Maliszewski,J (1840) Cesky Krumlov 2010}) 13. Bf4 Be6 14. Re1 Qd7 15. Qf3 (15. Qc2 $16) 15... Rd8 $11 16. Rad1 Qc8 17. Nd4 Nxd4 18. cxd4 O-O $1 19. Be5 {[#] Rc1 is the strong threat.} Bd6 20. Qe4 {[%csl Gd3][%cal Re4h7]} f5 21. Qf4 Bxe5 22. Rxe5 Bxa2 23. h4 {[%cal Rd3f5]} Kh8 {The position is equal.} 24. Re7 {[#] Black must now prevent Rc1.} Rd7 25. Rde1 Qd8 26. Qg5 {[%csl Ge7][%cal Rg5g7]} Rxe7 27. Rxe7 {[%csl Ge7][%cal Rg5g7]} Qxd4 {Threatening ...h6.} 28. Rxb7 Bg8 29. h5 h6 30. Qe3 Qa1+ 31. Kh2 Qf6 32. Qe7 Qxe7 33. Rxe7 Bf7 34. Be2 Re8 35. Rxf7 {Accuracy: White = 67%, Black = 69%.} 1/2-1/2

[Event "FIDE Chesscom Grand Swiss 2019"]
[Site "Douglas-Isle of Man"]
[Date "2019.10.18"]
[Round "8.29"]
[White "Ushenina, Anna"]
[Black "Rodshtein, Maxim"]
[Result "1-0"]
[WhiteElo "2431"]
[BlackElo "2684"]
[Annotator "TA"]
[PlyCount "121"]
[EventDate "2019.10.10"]
[EventType "swiss"]
[EventCountry "GBR"]
[SourceTitle "playchess.com"]
[Source "ChessBase"]
[SourceQuality "1"]

{[%evp 14,121,30,31,25,18,20,28,15,23,26,19,14,14,10,18,18,0,0,0,0,-15,45,0,0,0,0,-10,0,0,0,0,0,0,-3,-13,0,0,0,-10,53,47,69,45,78,58,69,54,85,7,77,7,20,4,20,8,7,0,0,-82,-73,-75,-75,-97,0,0,0,-106,-8,-8,-8,-8,0,0,0,-5,0,0,0,-8,0,-9,0,0,0,-41,-22,-63,-42,-42,-61,-83,0,0,0,-50,-16,-14,0,0,0,0,0,0,29968,29969,29966,29964,6456,1902]} 1. d4 e6 2. e4 d5 3. Nd2 c5 4. exd5 Qxd5 5. Ngf3 cxd4 6. Bc4 Qd8 7. O-O Nc6 8. Nb3 a6 {C07: French Tarrasch: 3...c5, 4 Ngf3 and 4 exd5 Qxd5} 9. Nbxd4 Nxd4 10. Nxd4 Bd6 {White has an edge.} 11. Bd3 Qc7 12. h3 Nf6 13. Re1 Bh2+ (13... O-O 14. Bg5 Be5 15. c3 h6 16. Nf3 Bxc3 {1-0 (51) Mamedov,R (2709)-Le,Q (2737) Huaian 2017}) 14. Kh1 {aiming for g3.} Bf4 15. Qf3 Bxc1 $1 16. Raxc1 O-O 17. Bf1 $146 ({Predecessor:} 17. c4 Rd8 18. Qe3 Qb6 19. Nb3 Qxe3 20. Rxe3 {0-1 (60) Mogranzini,R (2370)-Diotallevi,M (2122) Assisi 2006}) 17... b6 (17... Qb6 $11 18. Nb3 Bd7) 18. c4 Bb7 19. Qe3 Rfd8 20. Nb3 Rac8 21. Red1 a5 22. Rxd8+ Qxd8 23. Kg1 h6 24. Be2 Nd7 25. Rd1 Qe7 26. Nd4 {Nf5! is the strong threat.} Rc5 ({Black should play} 26... Rd8 $11) 27. b3 $14 Re5 28. Qd2 Nf6 29. Nf3 Bxf3 $1 30. Bxf3 Kf8 31. Kf1 (31. a4 $1 $16) 31... g5 (31... Rc5 $11 {remains equal.}) 32. Qd4 (32. a4 $16) 32... Qc7 33. a3 Ke7 34. b4 Rf5 35. Be2 Rf4 36. Qd3 (36. Qe3 $1 $11) 36... Ne4 $1 $17 {[%cal Re4f2]} 37. Bf3 Nd6 38. Be2 Ne4 39. Bf3 Nd6 40. Be2 $1 axb4 ({Black should try} 40... Nxc4 $17 41. Qb3 b5 42. bxa5 Qc5 $1 {[%mdl 512]}) 41. g3 $1 $132 {[%cal Rg3f4][%mdl 2048] [#] White is not keeping still} Qc6 $1 {[%cal Rc6h1][%mdl 512]} 42. f3 Rf6 43. axb4 Qc7 44. g4 Rf4 {[%cal Rd6c4]} 45. Rc1 Ne4 46. Kg2 Nf6 47. Ra1 h5 48. Ra8 h4 49. Qe3 Nd7 50. Kf1 Qd6 51. Rg8 Kf6 52. Rd8 Ke7 (52... Rd4 $17) 53. Rg8 Kf6 54. Rd8 $1 Qc7 55. Qc3+ Qe5 56. Qd3 Qa1+ 57. Kg2 Ne5 {[%mdl 64] Double Attack} 58. Qh7 {Black must now prevent Qh8+.} Ng6 $2 {[%mdl 8192]} (58... Qe1 $11 59. Qh8+ {[#]} Ke7 $1 {[%mdl 512]} 60. Qf8+ Kf6 $1 {[%mdl 512]} 61. Qh8+ Ke7 $1 {[%mdl 512]} 62. Qf8+ Kf6 $1 {[%mdl 512]} 63. Qh8+) 59. Rd7 Ke5 60. Qg7+ f6 61. Rd1 {Accuracy: White = 49%, Black = 47%.} (61. Qg8 $142 Rxg4+ 62. hxg4) 1-0

[Event "FIDE Chesscom Grand Swiss 2019"]
[Site "Douglas-Isle of Man"]
[Date "2019.10.18"]
[Round "8.30"]
[White "Sjugirov, Sanan"]
[Black "Abdusattorov, Nodirbek"]
[Result "1/2-1/2"]
[WhiteElo "2662"]
[BlackElo "2608"]
[Annotator "RC"]
[PlyCount "101"]
[EventDate "2019.10.10"]
[EventType "swiss"]
[EventCountry "GBR"]
[SourceTitle "playchess.com"]
[Source "ChessBase"]
[SourceQuality "1"]
[TimeControl "40/6000+30:20/3000+30:900+30"]

1. e4 {[%emt 0:00:00]} c5 {[%emt 0:00:00]} 2. Nf3 {[%emt 0:00:02]} d6 {[%emt 0:00:00]} 3. d4 {[%emt 0:00:14]} cxd4 {[%emt 0:00:00]} 4. Nxd4 {[%emt 0:00:06]} Nf6 {[%emt 0:00:05]} 5. Nc3 {[%emt 0:00:06]} a6 {[%emt 0:00:05]} 6. h3 {[%emt 0:00:14]} e5 {[%emt 0:00:51]} 7. Nb3 {[%emt 0:00:33]} b5 {[%emt 0:08:06]} 8. a4 {[%emt 0:27:47]} b4 {[%emt 0:14:08]} 9. Nd5 {[%emt 0:01:18]} Be6 {[%emt 0:04:24]} 10. Bg5 {[%emt 0:11:08]} Nbd7 {[%emt 0:01:59]} 11. Nxb4 {[%emt 0:14:01]} Qb6 {[%emt 0:04:45]} 12. Nd5 {[%emt 0:04:41]} Nxd5 {[%emt 0:02:50]} 13. exd5 {[%emt 0:00:24]} Qb4+ {[%emt 0:00:15]} 14. c3 {[%emt 0:18:15]} Qe4+ {[%emt 0:00:11]} 15. Be3 {[%emt 0:00:40]} Bxd5 {[%emt 0:05:23]} 16. c4 {[%emt 0:08:53]} Bb7 {[%emt 0:02:49]} 17. Qd2 {[%emt 0:05:59]} Be7 {[%emt 0:07:45]} 18. Na5 {[%emt 0:00:04]} Bd8 {[%emt 0:08:47]} 19. Nxb7 {[%emt 0:02:04]} Qxb7 {[%emt 0:00:09]} 20. Be2 {[%emt 0:00:19]} Rb8 {[%emt 0:07:21]} 21. O-O {[%emt 0:00:29]} Bc7 {[%emt 0:06:52]} 22. Rfb1 {[%emt 0:01:29]} Qb4 {[%emt 0:06:38]} 23. Qxb4 {[%emt 0:02:33]} Rxb4 {[%emt 0:00:05]} 24. Bd2 {[%emt 0:00:05]} Ba5 {[%emt 0:02:05]} 25. Bxb4 {[%emt 0:03:21]} Bxb4 {[%emt 0:00:05]} 26. b3 {[%emt 0:03:55]} Ke7 {[%emt 0:00:29]} 27. Ra2 {[%emt 0:00:37]} Nc5 {[%emt 0:00:50]} 28. Bd1 {[%emt 0:00:42]} Ne4 {[%emt 0:01:27]} 29. Rc1 {[%emt 0:00:46]} Bd2 {[%emt 0:02:13]} 30. Rcc2 {[%emt 0:00:18]} Bb4 {[%emt 0:00:08]} 31. Rc1 {[%emt 0:00:11]} Nc5 {[%emt 0:01:37]} 32. Bc2 {[%emt 0:01:59]} g6 {[%emt 0:00:29]} 33. g3 {[%emt 0:00:42]} f5 {[%emt 0:00:44]} 34. Kg2 {[%emt 0:00:16]} Ne6 {[%emt 0:00:19]} 35. Bd1 {[%emt 0:01:21]} a5 {[%emt 0:00:17]} 36. Rb1 {[%emt 0:00:51]} Nd4 {[%emt 0:00:06]} 37. f3 {[%emt 0:00:56]} Kf6 {[%emt 0:00:26]} 38. Rf2 {[%emt 0:00:19]} g5 {[%emt 0:00:38]} 39. Bc2 {[%emt 0:00:25]} h5 {[%emt 0:00:59]} 40. Rh1 {[%emt 0:01:03]} h4 {[%emt 0:02:36]} 41. g4 {[%emt 0:03:38]} f4 {[%emt 0:00:50]} 42. Rb1 {[%emt 0:01:14]} Rb8 {[%emt 0:00:21]} 43. Be4 {[%emt 0:01:35]} Ke7 {[%emt 0:00:14]} 44. Rff1 {[%emt 0:02:25]} Kd7 {[%emt 0:00:44]} 45. Rfd1 {[%emt 0:00:30]} Kc7 {[%emt 0:00:56]} 46. Rd3 {[%emt 0:03:17]} Bc5 {[%emt 0:00:55]} 47. Kf1 {[%emt 0:00:33]} Nc2 {[%emt 0:01:18]} 48. Rd2 {[%emt 0:05:52]} Nd4 {[%emt 0:00:40]} 49. Rd3 {[%emt 0:00:12]} Bb4 {[%emt 0:01:23]} 50. Rbd1 {[%emt 0:01:58]} Bc5 {[%emt 0:01:56]} 51. Rb1 {[%emt 0:01:41]} 1/2-1/2